Normal view MARC view
  • Althusser, Louis,

Entry Nombre Personal

Number of records used in: 5

001 - NUMERO DE CONTROL

  • campo de control: 2590

003 - IDENTIFICADOR DE NUMERO DE CONTROL

  • campo de control: MX-MxUPN

005 - FECHA Y HORA DE LA ÜLTIMA TRANSACCIÓN

  • campo de control: 20231114091437.0

008 - DATOS DE LONGITUD FIJA

  • campo de control de longitud fija: 231114n||acnnn|abn | ana |d

035 ## - NUMERO DE CONTROL

  • Número de control: UPN10000002590

040 ## - FUENTE DE CATALOGACIÓN

  • Agencia original de catalogación: MX-MxUPN
  • Lenguaje de catalogación: spa
  • Agencia de transcripción: MX-MxUPN

100 1# - ENCABEZAMIENTO - NOMBRE PERSONAL

  • Nombre personal: Althusser, Louis,
  • Fechas asociadas con el nombre: 1919-1990
  • Subdivisión temática general : Crítica e interpretación

670 ## - FUENTE EN LA QUE SE LOCALIZARON DATOS

  • Cita de la fuente: T/E
  • Información localizada: Salvat universal

902 ## - CATALOGADOR

  • Catalogador: MEEG/110996